MARC

LEADER 00000nam0a2200000 4500
001 298204
005 20231102001100.0
035 |a (RuTPU)RU\TPU\book\323347 
090 |a 298204 
100 |a 20150617d1984 km y0rusy50 ca 
101 0 |a rus 
102 |a RU 
105 |a ab z 001zy 
200 1 |a Нефтегазовая гидрогеология юга Сибирской платформы. Восточно-Сибирский научно-исследовательский институт геологии, геофизики и минерального сырья  |f А. С. Анциферов [и др.]  |g Восточно-Сибирский научно-исследовательский институт геологии, геофизики и минерального сырья (ВостСибНИИГГиМС) 
210 |a Москва  |c Недра  |d 1984 
215 |a 192 с.  |c ил. 
320 |a Библиогр.: с. 191-192 
606 1 |a Нефтегазовая гидрогеология  |2 stltpush  |3 (RuTPU)RU\TPU\subj\68613  |9 83820 
610 1 |a Сибирская платформа 
610 1 |a гидрогеологические исследования 
610 1 |a методика 
610 1 |a нефтегазоводоносные пласты 
610 1 |a пластовые воды 
610 1 |a химический состав 
610 1 |a палеогидрохимические условия 
610 1 |a формирование 
610 1 |a нефтегазонакопление 
675 |a 553.98:556.3  |v 4 
701 1 |a Анциферов  |b А. С. 
701 1 |a Артеменко  |b А. С. 
701 1 |a Зеховой  |b О. В. 
701 1 |a Кузьмичев  |b В. А. 
712 0 2 |a Восточно-Сибирский научно-исследовательский институт геологии, геофизики и минерального сырья (ВостСибНИИГГиМС)  |c (Иркутск)  |2 stltpush  |3 (RuTPU)RU\TPU\col\2421 
801 1 |a RU  |b 63413507  |c 20150617 
801 2 |a RU  |b 63413507  |c 20180608  |g RCR 
942 |c BK